A characterization of von Neumann algebras
In this paper a new type of »-algebras is introduced and investigated in detail to obtain a new characterization of von Neumann algebras. The main theorem (Theorem 5) supplies a characterization of the »-algebras »-isomorphic to von Neumann algebras, not assuming any previously given analytic proper...
Elmentve itt :
| Szerző: | |
|---|---|
| Dokumentumtípus: | Cikk |
| Megjelent: |
Bolyai Institute, University of Szeged
Szeged
2010
|
| Sorozat: | Acta scientiarum mathematicarum
76 No. 3-4 |
| Kulcsszavak: | Matematika, Neumann-algebra |
| Tárgyszavak: | |
| Online Access: | http://acta.bibl.u-szeged.hu/16365 |
| LEADER | 01196nab a2200217 i 4500 | ||
|---|---|---|---|
| 001 | acta16365 | ||
| 005 | 20260310084241.0 | ||
| 008 | 161015s2010 hu o 000 eng d | ||
| 022 | |a 0001-6969 | ||
| 040 | |a SZTE Egyetemi Kiadványok Repozitórium |b hun | ||
| 041 | |a eng | ||
| 100 | 1 | |a Kristóf János | |
| 245 | 1 | 2 | |a A characterization of von Neumann algebras |h [elektronikus dokumentum] / |c Kristóf János |
| 260 | |a Bolyai Institute, University of Szeged |b Szeged |c 2010 | ||
| 300 | |a 561-580 | ||
| 490 | 0 | |a Acta scientiarum mathematicarum |v 76 No. 3-4 | |
| 520 | 3 | |a In this paper a new type of »-algebras is introduced and investigated in detail to obtain a new characterization of von Neumann algebras. The main theorem (Theorem 5) supplies a characterization of the »-algebras »-isomorphic to von Neumann algebras, not assuming any previously given analytic property. This work fits to the bundle of research performed by outstanding mathematicians devoted to similar characterization problems. | |
| 650 | 4 | |a Természettudományok | |
| 650 | 4 | |a Matematika | |
| 695 | |a Matematika, Neumann-algebra | ||
| 856 | 4 | 0 | |u http://acta.bibl.u-szeged.hu/16365/1/math_076_numb_003_004_561-580.pdf |z Dokumentum-elérés |